Dostihy a sázky: Koně - Statistics

General Stats
  • This quiz has been taken 691 times
  • The average score is 11 of 22
Answer Stats
Pořizovací cena Jméno % Correct
8000,- Napoli
93%
7000,- Narcius
71%
4000,- Melák
59%
2000,- Lady Anne
58%
1200,- Gavora
55%
3600,- Kostrava
55%
3600,- Lukava
54%
2800,- Neklan
52%
6000,- Dahoman
50%
2800,- Japan
50%
1200,- Fantome
49%
4800,- Metál
48%
2800,- Portlancl
48%
6000,- Shagga
47%
5200,- Tara
46%
2400,- Koran
45%
2000,- Pasek
45%
5200,- Furioso
44%
5600,- Genius
44%
6400,- Gira
44%
4400,- Mohyla
40%
4400,- Grifel
33%
No matching quizzes found
Score Distribution
Percent of People with Each Score
Percentile by Number Answered
Your Score History
You have not taken this quiz